Most attractive characters in lord of the rings - Statistics

General Stats
  • This quiz has been taken 89 times
  • The average score is 7 of 10
Answer Stats
Hint Answer % Correct
8th Aragorn
97%
1st Legolas
86%
6th Samwise Gamgee
85%
2nd Peregrin Took
84%
7th Meriadoc Brandybuck
80%
9th Boromir
77%
5th Faramir
75%
4th Kili
43%
10th Galadriel
41%
3rd Thranduil
30%
No matching quizzes found
Score Distribution
Percent of People with Each Score
Percentile by Number Answered
Your Score History
You have not taken this quiz